Statistiques concernant QCM Guerre d'Algérie.

Cliquez ici pour prendre le quiz!

Statistiques générales

  • Ce quiz a été pris 2 714 fois
    (2 126 depuis la dernière actualisation)
  • Le résultat moyen est 7 sur 11

Statistiques - réponses

QuestionRéponse% Correct
En quelle année cette guerre a-t-elle commencée?1954
95%
Comment ce nommait le mouvement indépendantiste qui a lutté contre les armées françaises durant ce conflit?Front de Libération National
91%
Comment se nommait les populations européennes installées en Algérie?Pieds-Noirs
88%
Dans quelle ville furent signés les accords mettant fin à ce conflit et accordant son indépendance à l'Algérie?Évian
80%
Après ce putsch, quelle organisation continue le mouvement pro-Algérie française en organisant des attentats en métropole et en Algérie?Organisation de l'Armée Secrète
61%
Quelle opération en Égypte, alors potentiel soutient des rebelles, la France a-t-elle menée conjointement avec les Britanniques en 1956?Expédition de Suez
57%
Par quel événement considère-t-on que la guerre commence?La Toussaint Rouge
50%
A quelle date?18 mars 1962
42%
De combien de départements était constituée l'Algérie française en 1957?4
37%
A quelle date le général de Gaulle prononça son discours à Alger resté dans les mémoires pour sa phrase-clé «Je vous ai compris»`?4 juin 1958
28%
Parmi ces généraux, lequel a fait partie du putsch d'Alger?Edmond Jouhaud
23%

Distribution des résultats

Percentile par nombre de réponses

% des personnes avec chaque résultat

Votre développement - résultats

Vous n’avez pas pris ce quiz depuis la dernière actualisation